00958nam a2200229 i 450000100060000000300090000600500170001500700030003200800390003502000180007408000320009224501680012425000120029226000840030430000350038861000670042370000340049070000430052485200220056799900170058995201220060613662ES-MaACL20230906150633.0t|970807s1996 sp ||||0| spa a84-605-5987-4 a726.54(460.188 Sepúlveda)03aEl Santuario y el camarín de la Virgen de la Peña de Sepúlveda /cestudio introductorio de Antonio Linage Conde ; Marta Alvargonzález Terrero ... [et al.]. a1ª ed. aSepúlveda : bHermandad de Nuestra Señora de la Virgen de la Peña,c1996. a389 p. : bil. col. ; c24 cm.24aSantuario de Nuestra Señora de la Virgen de la Peña.965071 aLinage Conde, Antonio.9723221 aAlvargonzález Terrero, Marta.921014 aES-MaACLjL-21030 c13662d13662 00104070aATENEOMbATENEOMcDEPO2d2008-01-17eSCl0oL-21030p1013906r2023-02-23 00:00:00w2023-02-23yMONOGRAFIA